000 00351 a2200157 4500
001 159186
020 _a
040 _cMagnum
100 _a-
240 1 0 _aEnciclopedia ilustrada da ciencia/v.07
_lpor
245 1 0 _aEnciclopedia ilustrada da ciencia/v.07
362 0 _a1899
440 1 _aGlobo
697 _aMAGNITO: ENCICLOPEDIAS
942 _cBK
999 _c159186
_d159186